000 01257nam a2200361 a 4500
005 20160823020002.0
008 151111b ck ||||| |||| 00| 0 spa d
020 _a9587012984
040 _aCO-BoIAVH
_cCO-BoIAVH
041 0 _aspa
044 _ack
082 1 4 _a307.1
_bA17t
100 1 _aAcevedo, Jorge
245 1 0 _aTerritorio y sociedad :
_bel caso del plan de ordenamiento territorial de la ciudad de Bogotá
260 2 _aBogotá:
_bMinambiente,
_bUniversidad Nacional de Colombia,
_bCES,
_c2003.
300 _a612 p.
_c24 c.m.
650 1 4 _aPlanificación regional
_zBogotá
650 2 4 _aOrdenamiento territorial
_zBogotá
650 2 4 _aPolítica social
_zBogotá
700 1 _aAldana, Eduardo
700 1 _aArdila, Gerardo
_eCompilador
700 1 _aCarrizosa Umaña, Julio
700 1 _aCuervo, Luis Mauricio
700 1 _aJaramillo Panesso, Raúl
700 1 _aMaldonado, María Mercedes
700 1 _aMarino, Juana
700 1 _aParedes, Luis R.
700 1 _aPérez Preciado, Alfonso
700 1 _aSalmona, Rogelio
700 1 _aSamper, Germán
700 1 _aHammen, Thomas Van der
942 _cLIBRO
_2ddc
_01
999 _c6423
_d6423